000 00586nam a2200241Ia 4500
003 OSt
005 20221007094808.0
006 a|||||r|||| 00| 0
007 ta
008 221006b |||||||| |||| 00| 0 eng d
024 _a84
037 _cTextual
040 _aLCO
_cLCO
_beng
041 _2eng
_aeng
082 _aZ2,4, M4
100 _aPANDE G.S
_9681572
245 0 _aLaw of Torts
260 _aAllahabad
_bAllahabad law agency
_c1984
300 _a352
650 _aTORTS
_9690967
942 _hZ2,4, M4
_cTEXL
999 _c1169647
_d1169647